000 00516nam a2200193Ia 4500
005 20250508153300.0
008 008 250505s9999 xx 000 0 hin d
037 _aTextual
040 _aFEDL
_beng
_cFEDL
041 _ahin
_2eng
084 _a370.954, HUM
_qFEDL
100 _aHumayun Kabir
245 0 _aSwantantra Bharat me shiksha
260 _aDelhi, India
_bRaj Pal and Sons
_c1960
300 _a281p
650 _aEducation
942 _cTEXL
_h370.954, HUM
999 _c1341714
_d1341714